Länder von Premier League Spielern - Statistiken

Allgemein
  • Dieses Quiz wurde 68 mal gespielt
  • Das Durchschnittsergebnis liegt bei 18 aus 21
Antwortstatistiken
# Land % Korrekt
98 Deutschland
100%
> 1600 England
100%
271 Frankreich
98%
193 Spanien
98%
262 Irland
95%
100 Italien
95%
266 Schottland
94%
71 Vereinigte Staaten
94%
140 Brasilien
92%
84 Norwegen
92%
112 Portugal
89%
81 Schweden
89%
176 Wales
87%
94 Argentinien
86%
79 Belgien
86%
98 Nordirland
86%
96 Dänemark
83%
181 Niederlande
83%
73 Australien
57%
65 Nigeria
46%
67 Jamaika
5%
Keine übereinstimmenden Quizze gefunden
Verteilung der Resultate
Anzahl Personen mit jedem Resultat
Perzentil nach korrekt beantworteten Fragen
Ihre Resultats-Entwicklung
Sie haben dieses Quiz noch nicht gespielt